00756nam a2200229 a 450000100060000000300080000600500170001400800410003103500190007203500120009104000270010304100080013008200270013824501700016526000450033530000240038049000330040450500100043765000270044770000190047483000330049368574BD-RjUL20211209081804.0170403s1949 enkao 000 0 eng d a(BD-RjUL)68784 a2932649 aANLbengcANLdBD-RjUL aeng 223a615.7922bANT 194900aAntibiotics :bA survey of penicillin, streptomycin, and other antimicrobial substances from fungi, actinomycetes, bacteria, and plants /cH. W. Florey ... [et. al.] aLondon :bOxford University Press,c1949 aV. :bill. ;c25 cm aOxford medical publications. aVol.1 aAnti-bacterial agents. aFlorey, H. W.  aOxford medical publications.